000 00929nam a2200217 i 4500
001 bg
245 0 0 _aKompleksowe zarządzanie logistyczne =
_bTotal logistic management : materiały konferencyjne : IV Międzynarodowa Konferencja Naukowa, Ustroń 5-7 października 2000 rok.
260 _aCzęstochowa :
_bWydaw. Wydziału Zarządzania Politechniki Częstochowskiej,
_c2000.
300 _a192 s. :
_bil. ;
_c24 cm.
490 1 _aPrace Wydziału Zarządzania Politechniki Częstochowskiej. Seminaria i Konferencje,
_x1428-1597 ;
_v4
500 _aStreszcz. ang. przy ref.
504 _aBibliogr. przy ref.
650 9 _aLogistyka gospodarcza
655 _aMateriały konferencyjne
830 0 _aPrace Wydziału Zarządzania Politechniki Częstochowskiej.
_pSeminaria i Konferencje ;
_v4
040 _cBPK
041 0 _apl
_ben
080 _a65.011:65.012.4](061)
942 _cKS
008 s pl f |000 0 pol
999 _c39308
_d39308
856 _uhttp://koha.tu.koszalin.pl/cgi-bin/koha/opac-detail.pl?biblionumber=39308
_yKatalog online BPK